| 000 | 01098nam a2200241 a 4500 | ||
|---|---|---|---|
| 001 | BRCA_8513 | ||
| 003 | FranzMayer | ||
| 005 | 20230724110146.0 | ||
| 008 | 170816s1786----sp-#######---#000-0#spa-# | ||
| 040 |
_aMFM _bspa _cMFM |
||
| 041 | _aspa | ||
| 044 | _asp | ||
| 084 |
_aBE18 _b.C65 1786 |
||
| 245 | 1 | 0 |
_aColección de pláticas para el uso de los curas de las aldeas _bcontiene instrucciones sobre todas las verdades de la Religión, acomodadas á la capacidad y á las necesidades de sus Parroquianos, y forman una Plática para cada Domingo por el espacio de dos años _cobra traducida del francés al castellano por Joaquín Castellot. |
| 260 |
_aMadrid _bEn la Oficina de D. Plácido Barco López _c1786 |
||
| 300 |
_axiv, [6], 302 p. (t.1) _c21 x 15 cm. |
||
| 500 | _aEn portada : ´Se añade en este primer tomo La publicación de las Fiestas que suelen ocurrir entre Semana´ | ||
| 500 | _aEstado físico : encuadernación y hojas con manchas | ||
| 650 | 1 | 4 |
_aHomilías _yObras anteriores a 1900 _921352 |
| 700 | 1 |
_aCastellot, Joaquín _etr. _921353 |
|
| 902 | _aCFM | ||
| 942 |
_2lcc _cB |
||
| 999 |
_c8179 _d8179 |
||